Theories of trade unionism : a sociology of industrial relations
Αποθηκεύτηκε σε:
| Κύριος συγγραφέας: | |
|---|---|
| Μορφή: | Βιβλίο |
| Γλώσσα: | English |
| Δημοσίευση: |
London :
Routledge and kegan paul,
1981
|
| Θέματα: | |
| Ετικέτες: |
Προσθήκη ετικέτας
Δεν υπάρχουν, Καταχωρήστε ετικέτα πρώτοι!
|
MARC
| LEADER | 00000nam a2200000 i 4500 | ||
|---|---|---|---|
| 001 | 1/27092 | ||
| 008 | 960424s1981 eng d | ||
| 020 | |a 071020020X | ||
| 035 | |l 10022794 | ||
| 040 | |a GR-MY-UA |b gre |e aacr | ||
| 041 | 0 | |a eng | |
| 082 | 0 | |a 331.8801 | |
| 100 | 1 | |a Poole, Michael. | |
| 245 | 1 | 0 | |a Theories of trade unionism : a sociology of industrial relations |
| 260 | |a London : |b Routledge and kegan paul, |c 1981 | ||
| 300 | |a 264 p. | ||
| 650 | 0 | 0 | |a Labor unions. |
| 650 | 0 | 0 | |a Labor unions |z Great Britain. |
| 852 | |a INST |b CHIOS |e 19960424 |h 331.8801 POO |p 005200005729 |q 005200005729 |t BK |y 0 | ||
| 909 | |a Χ |b 001393 | ||